[Event "46th World U20 ch"]
[Site "Yerevan ARM"]
[Date "2007.10.16"]
[Round "13.27"]
[White "Hairapetian, Hovik"]
[Black "Mamikonian, Tigran"]
[Result "1-0"]
[WhiteElo "2374"]
[BlackElo "2257"]
[EventDate "2007.10.03"]
[PlyCount "49"]

1.d4 d5 2.c4 e6 3.Nf3 c5 4.Nc3 Nc6 5.e3 Nf6 6.a3 Ne4 7.Bd3 Nxc3 8.bxc3 Be7
9.O-O O-O 10.Qe2 dxc4 11.Bxc4 Qc7 12.e4 e5 13.dxe5 Nxe5 14.Nxe5 Qxe5 15.f4
Qd6 16.Bd5 Rb8 17.c4 Qh6 18.Qf3 Kh8 19.f5 Bg5 20.Qg3 Bxc1 21.Qxb8 Bb2 22.
Rad1 Qf6 23.Qxa7 Bd4+ 24.Kh1 Be5 25.Qxc5 1-0

[Event "46th World U20 ch"]
[Site "Yerevan ARM"]
[Date "2007.10.16"]
[Round "13.30"]
[White "Mijovic, Stefan"]
[Black "Abhishek, Das"]
[Result "1/2-1/2"]
[WhiteElo "2228"]
[BlackElo "2383"]
[EventDate "2007.10.03"]
[PlyCount "54"]

1.e4 c5 2.Nf3 Nc6 3.d4 cxd4 4.Nxd4 Nf6 5.Nc3 e5 6.Ndb5 d6 7.Bg5 a6 8.Na3 
b5 9.Nd5 Be7 10.Bxf6 Bxf6 11.c3 Ne7 12.Nc2 Nxd5 13.Qxd5 Rb8 14.Nb4 Bb7 15.
Qd3 O-O 16.Be2 Qb6 17.O-O Rfd8 18.Nd5 Bxd5 19.Qxd5 Rbc8 20.Rfd1 Rc5 21.Qb3
Qc6 22.Bf3 Rc4 23.Rd5 Be7 24.a3 Rf8 25.Rad1 g6 26.Qc2 Qb6 27.Be2 Rc5 
1/2-1/2